00603nam a2200169 a 450000500170000000800410001702000150005805000260007324500690009926000530016830000220022152100090024365000260025294200170027899900170029595201210031220140310183141.0020820s19uu xx 00 eng d a0787952036 aHD 58.8b.Or7284 1997 aThe organization of the future /cFrances Hesselbein ( editor ). aSan Francisco :bJossey-Bass Publishers ,c1997. a402 p. :c23 cm.  aBSBA aOrganizational change cBK2lcckFOR c19418d19418 00102lcc40aCLbCLcGCd0000-00-00g815.00l0oHD 58.8 .Or7284 1997pC0314r2018-05-15 00:00:00t1w2013-10-10yBK